000
00295nam a2200109Ia 4500
008
171211s9999 xx 000 0 und d
245
_a
Drupal User's Guide
245
_c
Emma Jane Hogbin
260
_c
2011
650
_x
Web Development
856
_u
http://down.ebook777.com/012/9780137041299.pdf
999
_c
350076
_d
350076